LEADER 01101nam a2200277 i 4500 001 000000216751 003 CaOOAMICUS 005 20130506000000.0 008 130506s1989 it u000 u ita u 013 $a195647 020 $a88-379-7613-5 040 $aSeMil$bita 100 1 $aWolff, Carlo Felice,$d<1879-1966>.$0(OLS)http://semarc/name/76649 245 12$aL'anima delle Dolomiti /$cCarlo Felice Wolff. 250 $a2. ed., rist. 260 $aBologna :$bCappelli,$c1989. 300 $a256 p., [8] c. di tav. :$bill. ;$c19 cm. 490 0 $aLe Alpi : i narratori della montagna 650 4$aLeggende alpine - Dolomiti.$0(OLS)http://semarc/subject/40272 830 3$aLe Alpi : i narratori della montagna.$0(OLS)http://semarc/title/38661 850 $aSeMil 852 $aSeMil$W1$xVenegono$y1$m4Y I 156$j167167$B167167$CSeMilBibl$Z2$F183092 $81 961 $aOmaggio: Altro 996 $6020$a88-379-7613-5$9(OLS)http://semarc/number/213878 996 $6245$aL'anima delle Dolomiti$9(OLS)http://semarc/title/311590 996 $6260$aBologna :$bCappelli$9(OLS)http://semarc/publisher/29689